Neymar ou Ronaldinho ? - Statistiques

Statistiques générales
  • Ce quiz a été pris 779 fois
  • Le résultat moyen est 11 sur 15
Statistiques - réponses
Question Réponse % Correct
Quel joueur a évolué au Paris Saint-Germain ? Les deux
97%
Lequel est le meilleur buteur de la sélection brésilienne ? Neymar
95%
A remporté le Ballon d'Or ? Ronaldinho
95%
A eu Lionel Messi en tant que coéquipier ? Les deux
93%
Quel joueur était le plus jeune lors de ses débuts avec la sélection du Brésil ? Neymar
92%
A battu le record du transfert le plus cher de l'histoire à un moment donné ? Neymar
87%
A écopé d'une peine de prison ? Ronaldinho
86%
A remporté la Ligue des Champions ? Les deux
83%
A évolué au FC Santos ? Neymar
83%
A remporté les Jeux Olympiques ? Neymar
73%
A remporté la Copa America ? Ronaldinho
59%
A marqué le plus de coups francs en carrière ? Ronaldinho
43%
A remporté la Copa Libertadores ? Les deux
39%
A joué le plus de matchs avec le FC Barcelone ? Ronaldinho
30%
A eu Ganso en tant que coéquipier en club ? Neymar
19%
Aucun quiz correspondant
Distribution des résultats
% des personnes avec chaque résultat
Percentile par nombre de réponses
Votre historique - résultats
Vous n’avez pas pris ce quiz